UM Logo

Consolidated financial statements : (Record no. 22438)

MARC details
000 -LEADER
fixed length control field 00759nam a22002057a 4500
005 - DATE AND TIME OF LATEST TRANSACTION
control field 20241017083601.0
008 - FIXED-LENGTH DATA ELEMENTS--GENERAL INFORMATION
fixed length control field 241010b |||||||| |||| 00| 0 eng d
020 ## - INTERNATIONAL STANDARD BOOK NUMBER
International Standard Book Number 9789813311466
082 ## - DEWEY DECIMAL CLASSIFICATION NUMBER
Classification number DC 657.96 J87 2023
100 ## - MAIN ENTRY--PERSONAL NAME
Personal name Juan, Ng Eng.
9 (RLIN) 62707
245 ## - TITLE STATEMENT
Title Consolidated financial statements :
Remainder of title Singapore /
Statement of responsibility, etc. Ng Eng Juan.
250 ## - EDITION STATEMENT
Edition statement Fourth edition.
260 ## - PUBLICATION, DISTRIBUTION, ETC. (IMPRINT)
Place of publication, distribution, etc. Asia :
Name of publisher, distributor, etc. McGraw Hill, LLC.,
Date of publication, distribution, etc. ©2023.
300 ## - PHYSICAL DESCRIPTION
Extent xix, 748 pages :
Other physical details color illustrations ;
Dimensions 25 cm.
500 ## - GENERAL NOTE
General note Includes index.
650 #0 - SUBJECT ADDED ENTRY--TOPICAL TERM
Topical term or geographic name as entry element Consolidation and merger of corporations
General subdivision Accounting.
9 (RLIN) 63069
650 #0 - SUBJECT ADDED ENTRY--TOPICAL TERM
Topical term or geographic name as entry element Financial statements, Consolidated
General subdivision Standards.
9 (RLIN) 63070
650 #0 - SUBJECT ADDED ENTRY--TOPICAL TERM
Topical term or geographic name as entry element Financial statements, Consolidated
General subdivision Standards
Geographic subdivision Singapore.
9 (RLIN) 63071
942 ## - ADDED ENTRY ELEMENTS (KOHA)
Source of classification or shelving scheme Dewey Decimal Classification
Koha item type Circulation
Holdings
Withdrawn status Lost status Source of classification or shelving scheme Damaged status Not for loan Collection code Home library Current library Date acquired Source of acquisition Cost, normal purchase price Total Checkouts Full call number Barcode Date last seen Price effective from Koha item type
    Dewey Decimal Classification     Circulation UM Digos College - LIC UM Digos College - LIC 08/20/2024 Purchased 6624.00   DC 657.96 J87 2023 28288 05/15/2025 10/10/2024 Circulation